|
|
|
|
| LEADER |
00000nam a2200000 a 4500 |
| 001 |
vtls001245166 |
| 003 |
SK-MaSNL |
| 005 |
20260301142925.0 |
| 008 |
160322s1992 xo 0 slo |
| 035 |
|
|
|a SNK000195984
|
| 040 |
|
|
|a SNK
|b slo
|c SNK
|e AACR2
|
| 041 |
0 |
|
|a slo
|
| 044 |
|
|
|a xo
|c SK
|
| 080 |
|
|
|a 262.14(083.9)
|2 1981
|
| 080 |
|
|
|a 943.76
|2 1981
|
| 080 |
|
|
|a 929 Gajdoš, Vševlad Jozef
|2 1981
|
| 245 |
1 |
|
|a Skromný velikán Vševlad Jozef Gajdoš
|
| 250 |
|
|
|a 1. vyd.
|
| 260 |
|
|
|a Maňa
|b Miestny odbor Matice slovenskej
|c 1992
|
| 300 |
|
|
|a 6 s.
|b Obr.
|c 21x15 cm
|
| 500 |
|
|
|a Životopisné údaje
|
| 600 |
1 |
|
|a Gajdoš, Vševlad Jozef,
|d 1907-1978
|2 SNK
|9 38237
|
| 655 |
|
7 |
|a informačné publikácie
|2 SNK
|9 70181
|
| 958 |
|
|
|a RM
|
| 958 |
|
|
|a BX
|
| 999 |
|
|
|c 772002
|d 773932
|
| 952 |
|
|
|t P60, <03>, [BOOK], {603}
|a SNK
|b SNK
|y PREZ
|7 0
|o snkOSC 15874
|i snkKSP 383/93
|0 0
|1 0
|4 0
|d 1997-03-03
|l 0
|r 2005-01-01 00:00:00
|w 2026-02-24
|
| 952 |
|
|
|a SNK
|b SNK
|y PREZ
|7 0
|p 17A0052358
|o snkOSC 15874 D1
|i snkKSP 2371/97
|0 0
|1 0
|4 0
|d 1997-03-03
|l 0
|r 2005-01-01 00:00:00
|w 2026-02-24
|